[Event "2 Lao or not 2 Lao"]
[Site "SchemingMind.com"]
[Date "2012.01.12"]
[Round "-"]
[White "Majoanis"]
[Black "lemme howdt"]
[Result "1/2-1/2"]
[WhiteCountry "CAN"]
[BlackCountry "USA"]
[WhiteElo "1788"]
[WhiteRD "63"]
[BlackElo "1598"]
[BlackRD "80"]
[GameID "301217"]

1. e4 e5 2. Nf3 Nc6 3. Bb5 a6 4. Bxc6 bxc6 5. O-O d6 6. d4 Bg4 7. dxe5 dxe5 8. Qxd8+ Rxd8 9. Nxe5 Be2 10. Re1 Bb4
11. c3 Bc5 12. Nxc6 Rd6 13. Ne5 Bb5 14. c4 Bc6 15. Nxc6 Rxc6 16. Nd2 Bb4 17. Kf1 Nf6 18. f3 O-O 19. a3 Bc5 20. Nb3 Bb6
21. Bg5 Nd7 22. c5 Nxc5 23. Nxc5 Rxc5 24. Be7 Rc2 25. Bxf8 Rf2+ 26. Kg1 Kxf8 27. Kh1 Rxb2 28. a4 Bd4 29. Rac1 c5 30. Rc4 a5
31. h4 Ke7 32. Rd1 Ke6 33. Rdxd4 cxd4 34. Rxd4 Rb4 35. Rd5 Rxa4 36. f4 Rxe4 37. Rxa5 Rxf4 38. g3 Rd4 39. Kg2 f6 40. Kf3 h6
41. Rb5 Rd5 42. Rb4 g5 43. hxg5 hxg5 44. Ra4 Ke5 45. Re4+ Kf5 46. g4+ Kg6 47. Rb4 Rd3+ 48. Kg2 Rc3 49. Ra4 Kf7 50. Ra6 Rc4
51. Kg3 Rf4 52. Rb6 f5 53. gxf5 Rxf5 54. Kg4=
1/2-1/2

[Event "2 Lao or not 2 Lao"]
[Site "SchemingMind.com"]
[Date "2012.01.13"]
[Round "-"]
[White "lemme howdt"]
[Black "Majoanis"]
[Result "0-1"]
[WhiteCountry "USA"]
[BlackCountry "CAN"]
[WhiteElo "1598"]
[WhiteRD "80"]
[BlackElo "1788"]
[BlackRD "63"]
[GameID "301218"]

1. e4 c6 2. Nf3 d5 3. e5 Bg4 4. Be2 e6 5. Nd4 Bxe2 6. Qxe2 Qb6 7. Nf3 Ne7 8. c3 c5 9. O-O Nec6 10. Rd1 Nd7
11. d4 Rc8 12. b3 Be7 13. Be3 O-O 14. Nbd2 cxd4 15. Nxd4 Nxd4 16. Bxd4 Bc5 17. Nf3 Bxd4 18. cxd4 Rc6 19. Rac1 Rfc8 20. Rxc6 Qxc6
21. h3 h6 22. g4 Nf8 23. h4 Qc2 24. Qxc2 Rxc2 25. Rd2 Rxd2 26. Nxd2 Ng6 27. h5 Nf4 28. a4 Ne2+ 29. Kf1 Nxd4 30. f4 g6
31. hxg6 fxg6 32. Kf2 h5 33. gxh5 gxh5 34. Kg3 Kg7 35. b4 Kg6 36. a5 Kf5 37. Nf3 Nxf3 38. Kxf3 h4 39. b5 h3 40. Kg3 h2
41. Kxh2 Kxf4 42. Kg2 Kxe5 43. Kf3 Kd4 44. Ke2 Kc5
0-1

[Event "2 Lao or not 2 Lao"]
[Site "SchemingMind.com"]
[Date "2012.01.13"]
[Round "-"]
[White "otsenrechess"]
[Black "Majoanis"]
[Result "0-1"]
[WhiteCountry "HUN"]
[BlackCountry "CAN"]
[WhiteElo "1784"]
[WhiteRD "50"]
[BlackElo "1868"]
[BlackRD "55"]
[GameID "301223"]

1. d4 d5 2. c4 c6 3. Nc3 Nf6 4. Nf3 dxc4 5. a4 Bf5 6. e3 e6 7. Bxc4 Bb4 8. O-O O-O 9. Qe2 Nbd7 10. Ne5 Bg6
11. Nxg6 hxg6 12. Qc2 Qe7
0-1

[Event "2 Lao or not 2 Lao"]
[Site "SchemingMind.com"]
[Date "2012.01.19"]
[Round "-"]
[White "emvarela"]
[Black "lemme howdt"]
[Result "1-0"]
[WhiteCountry "ARG"]
[BlackCountry "USA"]
[WhiteElo "1778"]
[WhiteRD "48"]
[BlackElo "1568"]
[BlackRD "79"]
[GameID "301308"]

1. e4 e5 2. Nf3 Nc6 3. Bb5 a6 4. Bxc6 bxc6 5. Nxe5 Qg5 6. Nf3 Qxg2 7. Rg1 Qh3 8. Rg3 Qe6 9. d3 h6 10. Bf4 d6
11. Nd4 Qd7 12. Nf5 g5 13. Be3 c5 14. Nc3 Rb8 15. b3 Be7 16. Nd5 Bb7 17. Nfxe7 Nxe7 18. Nxe7 Kxe7 19. f4 gxf4 20. Bxf4 h5
21. Qf3 Qe6 22. Bg5+ Kd7 23. Bf6 Rh6 24. Bc3 h4 25. Rg7 Rf8 26. Qf4 Kc8 27. O-O-O Kb8 28. Rf1 h3 29. Rxf7 Rxf7 30. Qxf7 Qxf7
31. Rxf7 Rg6 32. Rf8+ Bc8 33. Be1 Rg1 34. Kd2 Rg2+ 35. Rf2 Kb7 36. Rxg2 hxg2 37. Bf2 Bg4 38. h4 Kc6 39. Ke3 Kd7 40. Kf4 Bd1
41. c3 Bc2 42. d4 cxd4 43. cxd4 Bb1 44. a3 Ba2 45. b4 Bf7 46. e5 dxe5+ 47. dxe5 Kc6 48. Kg5 Kb5 49. h5 Ka4 50. h6 Bg8
51. Kf6 Bh7 52. e6 Kxa3 53. e7 Kxb4 54. e8=Q
1-0

[Event "2 Lao or not 2 Lao"]
[Site "SchemingMind.com"]
[Date "2012.01.19"]
[Round "-"]
[White "emvarela"]
[Black "Majoanis"]
[Result "0-1"]
[WhiteCountry "ARG"]
[BlackCountry "CAN"]
[WhiteElo "1803"]
[WhiteRD "48"]
[BlackElo "1887"]
[BlackRD "54"]
[GameID "301309"]

1. e4 Nf6 2. e5 Nd5 3. d4 d6 4. Nf3 Bg4 5. Be2 e6 6. O-O Be7 7. c4 Nb6 8. Nc3 O-O 9. Be3 d5 10. c5 Bxf3
11. Bxf3 Nc4 12. b3 Nxe3 13. fxe3 Nc6 14. a3 f6 15. exf6 Bxf6 16. Ne2 b6 17. cxb6 cxb6 18. Rc1 Rc8 19. Bg4 Re8 20. Nf4 Qd6
21. Bxe6+ Rxe6 22. Nxe6 Qxe6 23. Rf3 Na5 24. Rxc8+ Qxc8 25. Rf2 Qc3 26. Rf3 Qxb3 27. e4 Qxd1+
0-1

[Event "2 Lao or not 2 Lao"]
[Site "SchemingMind.com"]
[Date "2012.01.19"]
[Round "-"]
[White "lemme howdt"]
[Black "emvarela"]
[Result "1/2-1/2"]
[WhiteCountry "USA"]
[BlackCountry "ARG"]
[WhiteElo "1593"]
[WhiteRD "81"]
[BlackElo "1803"]
[BlackRD "48"]
[GameID "301311"]

1. e4 e5 2. Nf3 f5 3. Bc4 fxe4 4. Nxe5 Qg5 5. Nf7 Qxg2 6. Rf1 d6 7. Qh5 g6 8. Qb5+ c6 9. Qb3 d5 10. Nxh8 Qf3
11. Be2 Qxb3 12. axb3 Bg7 13. Nxg6 hxg6 14. Rg1 Bf5 15. h4 Kf7 16. d3 Nf6 17. f3 exd3 18. Bxd3 Bxd3 19. cxd3 Nbd7 20. Nc3 Ne5
21. Ke2 a6 22. Ra4 b5 23. Ra1 Nfd7 24. d4 Nxf3 25. Kxf3 Bxd4 26. Rg4 Ne5+ 27. Kg3 Nxg4 28. Kxg4 Bxc3 29. bxc3 a5 30. Be3 a4
31. Bc1 c5 32. Kf4 Re8 33. bxa4 Re4+ 34. Kg5 Re5+ 35. Kf4 Re4+ 36. Kg5 Re5+ 37. Kg4 Re4+ 38. Kg5=
1/2-1/2

[Event "2 Lao or not 2 Lao"]
[Site "SchemingMind.com"]
[Date "2012.01.19"]
[Round "-"]
[White "Majoanis"]
[Black "emvarela"]
[Result "1-0"]
[WhiteCountry "CAN"]
[BlackCountry "ARG"]
[WhiteElo "1887"]
[WhiteRD "54"]
[BlackElo "1803"]
[BlackRD "48"]
[GameID "301312"]

1. b3 e5 2. Bb2 Nc6 3. e3 Nf6 4. Nf3 d5 5. Nxe5 Nxe5 6. Bxe5 Bd6 7. Bxd6 Qxd6 8. Nc3 c6 9. Be2 O-O 10. O-O Bf5
11. f4 d4 12. exd4 Qxd4+ 13. Kh1 Rad8 14. Rc1 Ne4 15. Nxe4 Bxe4 16. d3 Qe3 17. Bf3 Bxf3 18. Qxf3 Qxf3 19. Rxf3 Rd7 20. Re1 Rfd8
21. Rfe3 Kf8 22. g3 b5 23. Kg2 a5 24. Kf2 g6 25. R1e2 h5 26. h4 Kg7 27. Re7 Kf6 28. Rxd7 Rxd7 29. Re5 Rd5 30. Rxd5 cxd5
31. c4 dxc4 32. dxc4 bxc4 33. bxc4 Ke6 34. Ke3 Kd6 35. Kd4 f6 36. c5+ Kc6 37. a4 Kd7 38. Kd5
1-0

[Event "2 Lao or not 2 Lao"]
[Site "SchemingMind.com"]
[Date "2012.01.17"]
[Round "-"]
[White "kobby"]
[Black "lemme howdt"]
[Result "0-1"]
[WhiteCountry "ENG"]
[BlackCountry "USA"]
[WhiteElo "1479"]
[WhiteRD "108"]
[BlackElo "1598"]
[BlackRD "80"]
[GameID "301368"]

1. d4 Nf6 2. Bf4 d6 3. e3 Bf5 4. h3 Nc6 5. a3 Qd7 6. Nf3 O-O-O 7. Bd3 e5 8. Bg5 e4 9. Bxf6 gxf6 10. Bb5 exf3
11. Qxf3 Bxc2 12. d5 Qf5 13. Qxf5+ Bxf5 14. dxc6 Be4 15. cxb7+ Bxb7 16. O-O Rg8 17. Nc3 Rxg2+ 18. Kh1 Rxf2+ 19. Kg1 Rg2+ 20. Kh1 Rxb2+
21. Kg1 Rg2+
0-1

[Event "2 Lao or not 2 Lao"]
[Site "SchemingMind.com"]
[Date "2012.01.15"]
[Round "-"]
[White "kobby"]
[Black "Majoanis"]
[Result "0-1"]
[WhiteCountry "ENG"]
[BlackCountry "CAN"]
[WhiteElo "1479"]
[WhiteRD "108"]
[BlackElo "1788"]
[BlackRD "63"]
[GameID "301369"]

1. d4 d5 2. Bf4 e6 3. e3 Nf6 4. h3 Bd6 5. Bxd6 Qxd6 6. a3 O-O 7. Nf3 c5 8. c3 c4 9. Nbd2 Nc6 10. b3 cxb3
11. Qxb3 b6 12. c4 Na5 13. Qa4 Bd7 14. Qc2 dxc4 15. Bxc4 Rac8 16. Qa2 Ba4 17. O-O b5 18. Bd3 a6 19. Rfc1 Nd5 20. Ne4 Qb8
21. Nc5 Rxc5 22. dxc5 Nb3 23. Nd4 Nxa1 24. Qxa1 Rc8 25. Qb1 Qa7 26. Bxh7+ Kh8 27. Be4 Rxc5 28. Rd1 Bxd1 29. Qxd1 Nf6 30. Bf3 Qc7
31. Ne2 a5 32. g3 b4 33. axb4 axb4 34. Qb3 Qa5 35. Nd4 Qa3 36. Kg2 Qxb3 37. Nxb3 Rc3 38. Bd1 Ne4 39. Kf3 Nc5 40. Nd2 Ra3
41. Nc4 Ra1 42. Ke2 b3 43. f3 b2 44. Nxb2 Ra2 45. Ke1 Rxb2 46. h4 g6 47. Kf1 Kg7 48. e4 f5
0-1

[Event "2 Lao or not 2 Lao"]
[Site "SchemingMind.com"]
[Date "2012.01.20"]
[Round "-"]
[White "kobby"]
[Black "emvarela"]
[Result "1/2-1/2"]
[WhiteCountry "ENG"]
[BlackCountry "ARG"]
[WhiteElo "1588"]
[WhiteRD "77"]
[BlackElo "1803"]
[BlackRD "48"]
[GameID "301370"]

1. d4 Nf6 2. Bf4 e6 3. e3 d5 4. Nf3 Bd6 5. Bxd6 Qxd6 6. a3 O-O 7. Be2 c5 8. c3 cxd4 9. cxd4 Nc6 10. O-O e5
11. dxe5 Nxe5 12. Nxe5 Qxe5 13. Qc2 Bf5 14. Bd3 Bxd3 15. Qxd3 Rfd8 16. Qb3 b6 17. Nd2 Ne4 18. Nf3 Qd6 19. Rfd1 Nc5 20. Qc2 Rac8
21. Qf5 g6 22. Qg5 Ne6 23. Qg4 Rc4 24. Nd4 Nxd4 25. Rxd4 Rxd4 26. Qxd4 Qc5 27. Qf6 Rd6 28. Qe5 d4 29. exd4 Qxd4 30. Qxd4 Rxd4
31. g3 a5= 32. Kf1 b5 33. h4 f5 34. Ke2 Kf7 35. Ke3=
1/2-1/2

[Event "2 Lao or not 2 Lao"]
[Site "SchemingMind.com"]
[Date "2012.01.17"]
[Round "-"]
[White "lemme howdt"]
[Black "kobby"]
[Result "0-1"]
[WhiteCountry "USA"]
[BlackCountry "ENG"]
[WhiteElo "1598"]
[WhiteRD "80"]
[BlackElo "1479"]
[BlackRD "108"]
[GameID "301372"]

1. e4 d5 2. exd5 Qxd5 3. Nc3 Qd8 4. Nf3 a6 5. d4 h6 6. Bc4 Nf6 7. O-O e6 8. Re1 Be7 9. Bf4 O-O 10. a3 c5
11. dxc5 Bxc5 12. Qxd8 Rxd8 13. Rad1 Rxd1 14. Rxd1 Bd7 15. b4 Be7 16. Ne5 Bc6 17. f3 b5 18. Be2 Bd5 19. Kf2 Nc6 20. Nxc6 Bxc6
21. g4 Rc8 22. Be5 Nd7 23. Bd4 Bf6 24. Bxf6 Nxf6 25. h4 Bxf3 26. Nxb5 Bxe2 27. Kxe2 axb5 28. g5 hxg5 29. hxg5 Ne4 30. Rg1 Rxc2+
31. Kd3 Rc4 32. Rg2 Nd6 33. Re2 Rg4 34. Re5 Rg3+ 35. Kd4 Rxa3 36. Kc5 Rd3
0-1

[Event "2 Lao or not 2 Lao"]
[Site "SchemingMind.com"]
[Date "2012.01.15"]
[Round "-"]
[White "Majoanis"]
[Black "kobby"]
[Result "1/2-1/2"]
[WhiteCountry "CAN"]
[BlackCountry "ENG"]
[WhiteElo "1862"]
[WhiteRD "58"]
[BlackElo "1536"]
[BlackRD "86"]
[GameID "301373"]

1. e4 d5 2. exd5 Qxd5 3. Nc3 Qa5 4. d4 h6 5. Nf3 Nf6 6. Bc4 a6 7. Bd2 Qb6 8. Bb3 Bf5 9. O-O e6 10. Re1 Be7
11. d5 O-O 12. Be3 c5 13. Na4 Qc7 14. c4 b5 15. Nc3 Bd6 16. cxb5 exd5 17. Nxd5 Nxd5 18. Qxd5 Nd7 19. Qxf5 axb5 20. Bc2 g6
21. Qh3 h5 22. a3 Nf6 23. Qh4 Be7 24. Bg5 Kg7 25. Rxe7 Qxe7 26. Re1 Qd6 27. Rd1 Qb6 28. Bxf6+ Qxf6 29. Qxf6+ Kxf6 30. h4 Rfe8
31. Rd7 Re7 32. Rxe7 Kxe7 33. Ng5 b4 34. axb4 cxb4 35. Bb3 f6 36. Nf3 Ra1+ 37. Kh2 Rb1 38. Bc2 Rxb2 39. Bxg6 Rxf2 40. Bxh5 b3
41. Bg6 b2 42. h5 Kf8 43. h6 Rf1 44. Nd2 Rd1 45. Nb1 Rf1 46. Nd2 Rd1 47. Nb1 Rd6 48. Kg3 f5 49. Bxf5 Rxh6 50. Kf4 Kg7
51. g4 Rh1 52. Kg5 Kf7 53. Nd2= Rg1 54. Nb1 Ke7 55. Nd2 Rd1 56. Nb1 Rd4 57. Kg6 Rd6+ 58. Kg7 Rd5 59. Nc3 Re5 60. Nb1 Re3
61. Nd2 Re2 62. Nb1 Rf2 63. Nc3 Rf1=
1/2-1/2

[Event "2 Lao or not 2 Lao"]
[Site "SchemingMind.com"]
[Date "2012.01.20"]
[Round "-"]
[White "emvarela"]
[Black "kobby"]
[Result "0-1"]
[WhiteCountry "ARG"]
[BlackCountry "ENG"]
[WhiteElo "1743"]
[WhiteRD "46"]
[BlackElo "1632"]
[BlackRD "93"]
[GameID "301374"]

1. e4 Nf6 2. e5 Nd5 3. d4 e6 4. c4 Nb6 5. Nc3 c6 6. Nf3 h6 7. Qb3 Be7 8. Be3 d5 9. cxd5 cxd5 10. Bb5+ Bd7
11. Bxd7+ N8xd7 12. O-O O-O 13. Rac1 Rb8 14. Nb5 a6 15. Nd6 Bxd6 16. exd6 Nc4 17. Nd2 b5 18. Nxc4 bxc4 19. Qc3 Nf6 20. Bf4 Rb6
21. Qg3 Ne4 22. Qg4 Kh7 23. Be5 Qg5 24. Qxg5 Nxg5 25. Rc2 Ne4 26. f3 Nxd6 27. Bxd6 Rxd6 28. Kf2 Rb8 29. Rb1 Rdb6 30. Ke3 c3
31. b3 Rc6 32. Kd3 a5 33. Rxc3 Rcb6 34. Rc7 Kg6 35. g3 a4 36. Rc3 f5 37. f4 Kf6 38. h3 g5 39. fxg5+ hxg5 40. h4 gxh4
41. gxh4 Kg6 42. Rc7 axb3 43. axb3 Rxb3+ 44. Rxb3 Rxb3+ 45. Ke2 Rh3 46. Re7 Kf6 47. Rh7 Rg3 48. Rh6+ Rg6 49. Rh8 Rg4 50. Ke3 Re4+
51. Kd3 f4 52. h5 Re3+ 53. Kd2 Rh3 54. h6 Kg6 55. Re8 Kf7 56. Rh8 Rh2+ 57. Ke1 f3 58. Kf1 Kg6 59. Rf8 Rh3 60. Kf2 Rxh6
61. Kxf3 Rh4 62. Ke3 Re4+ 63. Kd3 Kg5 64. Kc3 Kg4 65. Kd3 Rf4 66. Re8 Re4 67. Rf8 Kg5 68. Rf3 Rf4 69. Re3 Kf6 70. Re5 Rf5
71. Re3 e5 72. dxe5+ Rxe5 73. Rf3+ Ke6 74. Rh3 Kd6 75. Rh6+ Kc5 76. Rh4 Rg5 77. Kc3 Rg3+ 78. Kd2 d4 79. Re4 Kc4 80. Kc2 Rg2+
81. Kd1 Kd3 82. Re8 Rg1+ 83. Re1 Rxe1+ 84. Kxe1 Kc2
0-1

[Event "2 Lao or not 2 Lao"]
[Site "SchemingMind.com"]
[Date "2012.01.15"]
[Round "-"]
[White "Kronsteen"]
[Black "Majoanis"]
[Result "0-1"]
[WhiteCountry "ENG"]
[BlackCountry "CAN"]
[WhiteElo "1260"]
[WhiteRD "180"]
[BlackElo "1862"]
[BlackRD "58"]
[GameID "301423"]

1. e4 c6 2. d4 d5 3. Nc3 dxe4 4. Nxe4 Nd7 5. Nf3 Ngf6 6. Ng3 e6 7. Bd3 c5 8. O-O cxd4 9. Nxd4 Bc5 10. Nb3 Bb6
11. Qe2 O-O 12. c4 Bc7 13. Ne4 Nxe4 14. Qxe4 Nf6 15. Qh4 Qxd3
0-1

[Event "2 Lao or not 2 Lao"]
[Site "SchemingMind.com"]
[Date "2012.01.15"]
[Round "-"]
[White "Majoanis"]
[Black "Kronsteen"]
[Result "1-0"]
[WhiteCountry "CAN"]
[BlackCountry "ENG"]
[WhiteElo "1862"]
[WhiteRD "58"]
[BlackElo "1260"]
[BlackRD "180"]
[GameID "301428"]

1. e4 e5 2. Nf3 Nc6 3. Bb5 a6 4. Bxc6 dxc6 5. Nc3 f6 6. d4 exd4 7. Nxd4 c5 8. Nde2 Qxd1+ 9. Nxd1 Be6 10. Bf4 O-O-O
11. Ne3 Ne7 12. Rd1 Rxd1+ 13. Kxd1 g5 14. Bg3 f5 15. exf5 Nxf5 16. Nxf5
1-0